00501nam a2200181Ia 450000500170000000800410001702000180005804000190007604100120009508200160010710000260012324500610014926000370021030000140024765000290026165100190029085000100030920221208110514.0131103s9999 xx 000 0 und d a0 7154 0347 8 aLoreto College aEnglish a821.91bTHO aDavis, Aneirin Talfan aDylan b druid of the broken body cAneirin Talfan Davis aSwanseabChristopher Davisc1977 a124p. p.  aThomas, Dylan, 1914-1953 aEnglish poetry aLCLIB